00328nam a2200109Ia 450000500170000000800410001710000320005824500780009026000260016830000110019465000130020520260328104308.0260328s9999||||xx |||||||||||||| ||und|| aOlay, Maria de los Angelas  0aTesoro de Colima :b hallazgos de ayer y hoy /cMaria de los Angelas Olay bUniversidad de Colima a159 p. aCOLOMBIA